Je zákazník u vás kráľom?

Manažment a motivácia ľudí nad rámec ich pracovných povinností. Efektívnosť zamieňaná s rýchlosťou. Kvalita služieb ktorú oceňujú zákazníci. Profesionalita a kreativita. Dôvera medzi obchodníkom a klientom.

Gespeichert in:
Bibliographische Detailangaben
1. Verfasser: Škutková, Jana
Format: Buchkapitel
Sprache:Slowakisch
Schlagworte:
Tags: Tag hinzufügen
Keine Tags, Fügen Sie das erste Tag hinzu!

MARC

LEADER 00000naa a2200000 4500
001 0128396
005 20220725110725.9
041 0 |a slo 
044 |a SK 
245 1 0 |a Je zákazník u vás kráľom?  |c Jana Škutková 
520 |a Manažment a motivácia ľudí nad rámec ich pracovných povinností. Efektívnosť zamieňaná s rýchlosťou. Kvalita služieb ktorú oceňujú zákazníci. Profesionalita a kreativita. Dôvera medzi obchodníkom a klientom. 
610 2 0 |a marketing manažment 
610 2 0 |a marketing priamy 
610 2 0 |a nástroje marketingové 
610 2 0 |a stratégia marketingová 
610 2 0 |a efektívnosť ekonomická 
610 2 0 |a podpora predaja 
610 2 0 |a riadenie vzťahov so zákazníkmi 
610 2 0 |a spokojnosť zákazníkov 
100 1 |a Škutková, Jana